Horror Movie Franchises #3: A Nightmare on Elm Street - Statistics

General Stats
  • This quiz has been taken 63 times
  • The average score is 5 of 9
Answer Stats
Movie % Correct
A Nightmare on Elm Street
100%
A Nightmare on Elm Street (2010 Remake)
74%
A Nightmare on Elm Street 3: Dream Warriors
56%
Freddy vs. Jason
54%
Wes Craven’s New Nightmare
54%
A Nightmare on Elm Street 2: Freddy’s Revenge
51%
A Nightmare on Elm Street 4: The Dream Master
41%
A Nightmare on Elm Street 5: The Dream Child
41%
Freddy’s Dead: The Final Nightmare
41%
No matching quizzes found
Score Distribution
Percent of People with Each Score
Percentile by Number Answered
Your Score History
You have not taken this quiz